| 000 | 00914nam0a22002651 4500 | ||
|---|---|---|---|
| 001 | rc\3398474 | ||
| 005 | 20260407072236.0 | ||
| 021 |
_aRU _bРг101129-71 |
||
| 021 |
_aRU _b71-32713 |
||
| 035 | _a(NLR Aleph) 007462100 | ||
| 090 |
_a7327913 _c7327913 |
||
| 100 | _a20130115d1970 |||y0rusy50 ca | ||
| 101 | 0 | _arus | |
| 102 | _aRU | ||
| 105 | _ay z ||||| | ||
| 200 | 1 |
_aПоложение об отделении Академии наук СССР _e[Утв. 22.VI.1964 г.] _e[С изм. и доп.] |
|
| 210 |
_aМосква _cБ. и. _d1970 |
||
| 215 |
_a10 с. _d20 |
||
| 532 | 1 | 2 | _aПоложение об отделении Академии наук Союза Советских Социалистических Республик |
| 710 | 0 | 2 |
_aАН СССР _3RU\NLR\AUTH\881046 _9272478 |
| 801 | 0 |
_aRU _bNLR _gpsbo |
|
| 801 | 1 |
_aRU _bELAR _2rusmarc |
|
| 852 |
_aNLR _j71-4/19294 |
||
| 942 | _cBOOK | ||
| 980 | _aNB | ||